01121nam a22002531 450000100060000000300080000600500170001400800410003103500190007204000350009104100080012608200220013410000440015624502720020025000120047226000350048430000570051950000550057650400310063165100340066294200120069699900170070895201420072527231BD-RjUL20211209051129.0140324s1966 ii ab b 000 0 eng d a(BD-RjUL)27303 aBD-RjULbengcBD-RjULdBD-RjUL aeng a954.16bACH 19661 aAcharyya, N. N.q(Nagendra Nath)98356014aThe history of medieval Assam, from the thirteenth to the seventeenth century :ba critical and comprehensive history of Assam during the first four centuries of Ahom rule, based on original Assamese sources, available both in India and England /c[by] N. N. Acharyya a1st ed. aGauhati :bDutta Baruah,c1966 axiv, 308 p :billus., map (on lining paper) ;c23 cm aBased on the author's thesis, University of London aBibliography: p. [281]-287 0aAssam (India)xHistory983066 2ddccBK c27231d27231 00102ddc40728NFICaRUCLbRUCLcReadingd1976-04-22eK.P.Bangliag15.00l0o954.16 ACH 1966r2014-03-24 00:00:00tC-1w2014-03-24yBK